| 000 | 00000nas##2200000za#4500 |
| 001 | 9.511156 |
| 003 | CaOODSP |
| 005 | 20200813121819 |
| 007 | ta |
| 008 | 150406c2003||||xxc|| m #||||f| |0eng|d |
| 022 | |a1707-1720 |
| 040 | |aCaOODSP|beng |
| 041 | |aeng |
| 041 | |afre |
| 043 | |an-cn--- |
| 086 | 1 |aCS13-604 |
| 245 | 00|aIncome and expenditure accounts technical series / |c[By] Income and Expenditure Accounts Division. |
| 260 | |aOttawa - Ontario : |bStatistics Canada |
| 310 | |aOccasional |
| 520 | 3 |aDiscusses the concepts and definitions used, and it highlights the results by region for the reference year. The appendices include an overview of the methodology and data sources; the detailed tables showing tourism expenditures and GDP, as well as employment for each region; a list of tourism industries and commodities; and a glossary. |
| 563 | |aSoftcover |
| 690 | 07|aPublic accounts|2gcpds |
| 710 | 2 |aStatistics Canada. |
| 775 | 08|tComptes des revenus et dépenses série technique / |w(CaOODSP)9.513449 |
| 775 | 08|tIncome and expenditure accounts technical series / |w(CaOODSP)9.515120 |
| 776 | 0#|tComptes des revenus et dépenses - série technique / |w(CaOODSP)9.501122 |
| 776 | 0#|tIncome and expenditure accounts technical series / |w(CaOODSP)9.504709 |
| 792 | |tComptes des revenus et dépenses série technique / |efre|w(CaOODSP)9.511157 |